000 00779nam a2200277 i 4500
001 13604
003 ES-MaACL
005 20230906150623.0
007 t|
008 900410s1988 sp ||||0| spa j ..|
015 _a1990-MAR-6090
016 7 _zSAB9000078242
020 _a84-86568-20-X
040 _aM-BN-DP
_bspa
_cM-BN-DP
080 _a860-4"19"
100 1 _aFraile, Medardo.
_952103
245 1 0 _aEntre paréntesis /
_cMedardo Fraile.
250 _a[1ª ed.].
260 _aMadrid :
_bPrensa y Ediciones Iberoamericanas,
_c1988.
300 _a205 p. ;
_c21 cm.
490 1 _aEl Dorado ;
_v4
504 _aIndice.
830 0 _aEl Dorado ;
_v4
_9179507
852 _aES-MaACL
_jL-20923
_bR.126226
_q. - Ded. autógr. del autor
999 _c13604
_d13604